Les personnages de the Walking dead - Statistiques

Statistiques générales
  • Ce quiz a été pris 3 418 fois
    1 079 depuis la dernière actualisation
  • Le résultat moyen est 41 sur 157
Statistiques - réponses
Apparition Lieu/Affiliation Personnage % Correct
Saison 1 Atlanta Rick
98%
Saison 1 Atlanta Carl
95%
Saison 1 Atlanta Daryl
94%
Saison 1 Atlanta Glenn
90%
Saison 2 Ferme des Greene Maggie
90%
Saison 1 Atlanta Lori
89%
Saison 1 Atlanta Carol
88%
Saison 1 Atlanta Shane
85%
Saison 2 Ferme des Greene Hershel
83%
Saison 1 Atlanta Andrea
81%
Saison 1 Atlanta Merle
80%
Saison 6 Les Sauveurs Negan
79%
Saison 2 Ferme des Greene Beth
75%
Saison 3 Woodbury Philip
75%
Saison 2 Alentours de la ferme Michonne
73%
Saison 1 Atlanta Sophia
70%
Saison 4 Groupe allant à Washington Abraham
69%
Saison 4 Groupe allant à Washington Rosita
69%
Saison 4 Groupe allant à Washington Eugène
68%
Saison 1 Atlanta Morgan
67%
Saison 1 Atlanta Dale
65%
Saison 3 Alentours de la prison Sasha
64%
Saison 3 Prison Judith
60%
Saison 1 Atlanta T-Dog
60%
Saison 5 L'eglise Gabriel
58%
Saison 1 Atlanta Ed
55%
Saison 4 Famille Chambler Tara
55%
Saison 1 Atlanta Amy
52%
Saison 6 La Colline Jesus
51%
Saison 7 Le Royaume Ezekiel
50%
Saison 6 Les Sauveurs Simon
48%
Saison 2 Ferme des Greene Otis
47%
Saison 3 Alentours de la prison Tyreese
47%
Saison 1 Atlanta Jim
46%
Saison 5 Alexandria Aaron
43%
Saison 6 Les Sauveurs Dwight
43%
Saison 1 Atlanta Jacqui
43%
Saison 1 Atlanta Moralès
41%
Saison 4 Prison Bob
40%
Saison 5 Alexandria Enid
39%
Saison 8 Les Sauveurs Dean
38%
Saison 2 Ferme des Greene Patricia
38%
Saison 1 CDC Edwin Jenner
35%
Saison 6 La Colline Gregory
34%
Saison 7 La Décharge Jadis
33%
Saison 5 Alexandria Deanna
32%
Saison 1 Atlanta Duane
32%
Saison 5 Hôpital Grady Memorial Noah
32%
Saison 4 Terminus Martin
31%
Saison 2 Ferme des Greene Jimmy
30%
Saison 5 Alexandria Spencer
30%
Saison 7 Le Royaume Jerry
29%
Saison 5 Alexandria Eric
28%
Saison 7 Le Royaume Henry
28%
Saison 3 Prison Axel
27%
Saison 4 Terminus Gareth
27%
Saison 4 Prison Lizzie
27%
Saison 3 Woodbury Milton
27%
Saison 5 Alexandria Sam
27%
Saison 3 Woodbury Martinez
26%
Saison 3 Prison Oscar
24%
Saison 5 Alexandria Jessie
23%
Saison 4 Prison Mika
23%
Saison 5 Alexandria Olivia
23%
Saison 3 Alentours de la prison Ben
21%
Saison 7 Le Royaume Benjamin
21%
Saison 6 Alexandria Denise
21%
Saison 4 Groupe de Martinez Pete
21%
Saison 5 Alexandria Pete
21%
Saison 5 Alexandria Ron
21%
Saison 4 Famille Chambler Lilly
20%
Saison 4 Famille Chambler Meghan
20%
Saison 3 Woodbury Karen
19%
Saison 5 Alexandria Nicholas
19%
Saison 8 Alentours d'Alexandria Siddiq
19%
Saison 4 Prison Patrick
18%
Saison 5 Hôpital Grady Memorial Dawn
17%
Saison 3 Prison Tomas
17%
Saison 4 Terminus Alex
15%
Saison 4 Famille Chambler David
15%
Saison 6 Alexandria David
15%
Saison 7 Les Sauveurs David
15%
Saison 4 Terminus Mary
15%
Saison 7 Le Royaume Nabila
15%
Saison 2 Alentours de la ferme Randall
15%
Saison 2 Alentours de la ferme Dave
14%
Saison 4 Les Revendicateurs Joe
14%
Saison 5 Alexandria Reginald
14%
Saison 6 Les Sauveurs Sherry
14%
Saison 3 Prison Andrew
13%
Saison 3 Prison Big Tiny
13%
Saison 7 Les Sauveurs Laura
13%
Saison 5 Alexandria Aiden
12%
Saison 8 Les Sauveurs Alden
12%
Saison 7 Les Sauveurs Arat
12%
Saison 7 Oceanside Cyndie
12%
Saison 6 Alexandria Heath
12%
Saison 7 Oceanside Rachel
12%
Saison 7 Le Royaume Dianne
10%
Saison 6 Fromager dans la forêt Eastman
10%
Saison 2 Alentours de la ferme Tony
10%
Saison 6 La Colline Kal
9%
Saison 3 Woodbury Tim
9%
Saison 5 Alexandria Tobin
9%
Saison 4 Prison Zach
9%
Saison 3 Alentours de la prison Allen
8%
Saison 3 Alentours de la prison Donna
8%
Saison 6 Les Sauveurs Donnie
8%
Saison 7 Les Sauveurs Gavin
8%
Saison 4 Les Revendicateurs Lou
8%
Saison 7 Le Royaume Richard
8%
Saison 6 Alexandria Scott
8%
Saison 3 Woodbury Shumpert
8%
Saison 7 Oceanside Béatrice
7%
Saison 4 Prison Caleb
6%
Saison 4 Les Revendicateurs Len
6%
Saison 4 Groupe de Martinez Mitch
6%
Saison 7 Oceanside Natania
6%
Saison 4 Groupe de Martinez Alisha
5%
Saison 8 Les Sauveurs D.J
5%
Saison 5 Alexandria Francine
5%
Saison 3 Woodbury Gargulio
5%
Saison 5 Hôpital Grady Memorial Gorman
5%
Saison 5 Hôpital Grady Memorial Steven
5%
Saison 6 Alexandria Annie
4%
Saison 6 Alexandria Carter
4%
Saison 8 Les Sauveurs Regina
4%
Saison 8 Soutien aux Communautés Georgie
4%
Saison 7 Oceanside Kathy
4%
Saison 4 Prison Ryan
4%
Saison 6 Les Sauveurs Tina
4%
Saison 6 Alexandria Betsy
3%
Saison 7 Les Sauveurs Frankie
3%
Saison 7 Les Sauveurs Gary
3%
Saison 3 Woodbury Haley
3%
Saison 7 Les Sauveurs Jared
3%
Saison 6 Les Sauveurs Molly
3%
Saison 6 Les Sauveurs Paula
3%
Saison 7 Les Sauveurs Amber
2%
Saison 6 La Colline Andy
2%
Saison 6 La Colline Bertie
2%
Saison 7 Le Royaume Daniel
2%
Saison 6 Les Sauveurs Michelle
2%
Saison 6 La Colline Ethan
2%
Saison 6 La Colline Freddie
2%
Saison 6 La Colline Harlan
2%
Saison 6 Les Sauveurs Primo
2%
Saison 7 La Décharge Tamiel
2%
Saison 7 Le Royaume Alvaro
1%
Saison 7 La Décharge Brion
1%
Saison 8 Soutien aux Communautés Hilda
1%
Saison 7 Les Sauveurs Emmett
1%
Saison 8 Les Sauveurs Mara
1%
Saison 8 Soutien aux Communautés Midge
1%
Saison 7 Les Sauveurs Tanya
1%
Saison 8 Les Sauveurs Gunther
0%
Saison 8 Les Sauveurs Yago
0%
Aucun quiz correspondant
Distribution des résultats
% des personnes avec chaque résultat
Percentile par nombre de réponses
Votre historique - résultats
Vous n’avez pas pris ce quiz depuis la dernière actualisation